| 000 -LEADER |
| fixed length control field |
00498cam a22001457a 4500 |
| 008 - FIXED-LENGTH DATA ELEMENTS--GENERAL INFORMATION |
| fixed length control field |
180718b1912 xxu||||| |||| 00| 0 eng d |
| 082 ## - DEWEY DECIMAL CLASSIFICATION NUMBER |
| Classification number |
A99 F862 |
| 100 ## - MAIN ENTRY--PERSONAL NAME |
| Personal name |
Fraser, Andrew H.L. |
| 245 ## - TITLE STATEMENT |
| Title |
Among Indian rajahs and ryots: a civil servant's recollections & impressions of thirty-seven years of work and sport |
| Statement of responsibility, etc. |
by Androw H.L. Fraser |
| 250 ## - EDITION STATEMENT |
| Edition statement |
3rd ed. |
| 260 ## - PUBLICATION, DISTRIBUTION, ETC. |
| Place of publication, distribution, etc. |
London |
| Name of publisher, distributor, etc. |
Seeley Service |
| Date of publication, distribution, etc. |
1912 |
| 300 ## - PHYSICAL DESCRIPTION |
| Extent |
375+p. |
| 650 ## - SUBJECT ADDED ENTRY--TOPICAL TERM |
| Topical term or geographic name entry element |
Civil Service - India |
| 650 ## - SUBJECT ADDED ENTRY--TOPICAL TERM |
| Topical term or geographic name entry element |
Indai - Social Conditions |